নেলসন ম্যান্ডেলার জীবন ও বাণী / (Record no. 1754)
[ view plain ]
| 000 -LEADER | |
|---|---|
| fixed length control field | 00794nam a2200205 a 4500 |
| 001 - CONTROL NUMBER | |
| JCCL Control Number | 1754 |
| 003 - CONTROL NUMBER IDENTIFIER | |
| JCCL marc code | BD-JhCC |
| 005 - DATE AND TIME OF LATEST TRANSACTION | |
| control field | 20171023212921.0 |
| 008 - FIXED-LENGTH DATA ELEMENTS--GENERAL INFORMATION | |
| fixed length control field | 171023s2010 bg |||| |||| 000 0 ben d |
| 035 ## - SYSTEM CONTROL NUMBER | |
| system control number | (BD-JhCC)1754 |
| 040 ## - CATALOGING SOURCE | |
| Original cataloging agency | BD-JhCC |
| Modifying agency | BD-JhCC |
| 041 ## - LANGUAGE CODE | |
| Language code of Book | ben |
| 082 ## - DEWEY DECIMAL CLASSIFICATION NUMBER | |
| Classification number | 923.1 |
| Author mark and Year | MEN 2010 |
| 100 ## - MAIN ENTRY--PERSONAL NAME | |
| Personal name | ম্যান্ডেলা, নেলসন |
| 245 ## - TITLE STATEMENT | |
| Title | নেলসন ম্যান্ডেলার জীবন ও বাণী / |
| Statement of responsibility, etc | নেলসন ম্যান্ডেলা; সালেহা চৌধুরী (ভাষান্তর ও সম্পাদনা) |
| 260 ## - PUBLICATION, DISTRIBUTION, ETC. (IMPRINT) | |
| Place of publication, distribution, etc | ঢাকা : |
| Name of publisher, distributor, etc | মাওলা ব্রাদার্স ; |
| Date of publication, distribution, etc | ২০১০ |
| 300 ## - PHYSICAL DESCRIPTION | |
| Pagination | ৭১ পৃ. ; |
| Dimensions | ২২ সে.মি. |
| 650 ## - SUBJECT ADDED ENTRY--TOPICAL TERM | |
| Topical term or geographic name as entry element | Autobiography |
| 942 ## - ADDED ENTRY ELEMENTS (KOHA) | |
| Source of classification or shelving scheme | Dewey Decimal Classification |
| Koha item type | Books |
| Source of classification or shelving scheme | Damaged status | Not for loan | Home library | Current library | Date of accession | Total Checkouts | Full call number | Barcode | Date last seen | Copy number | Koha item type |
|---|---|---|---|---|---|---|---|---|---|---|---|
| Dewey Decimal Classification | JCC Rouf Library | JCC Rouf Library | 10/23/2017 | 923.1 MEN 2010 | 2848 | 10/23/2017 | C-1 | Books |